|
|
|
|
| LEADER |
00000nas a2200000 i 4500 |
| 001 |
ssj0001034027 |
| 003 |
WaSeSS |
| 005 |
20200512172242.0 |
| 006 |
m d |
| 007 |
cr n |
| 008 |
130927c20139999nz || pos 0 0eng c |
| 010 |
|
|
|a 2015247783
|
| 016 |
7 |
|
|a 101617967
|2 DNLM
|
| 022 |
|
|
|a 2324-1128
|l 2324-1128
|
| 035 |
|
|
|a (WaSeSS)ssj0001034027
|
| 040 |
|
|
|a AU@
|b eng
|e pn
|c AU@
|d CUS
|d PFM
|d CUS
|d OCLCF
|d OCLCQ
|d NLM
|d OCLCQ
|d OCLCO
|d OCLCA
|d WaSeSS
|
| 042 |
|
|
|a pcc
|
| 050 |
1 |
4 |
|a RB150.A67
|
| 060 |
0 |
0 |
|a W1
|
| 130 |
0 |
|
|a Hypoxia (Auckland, N.Z.)
|
| 210 |
1 |
0 |
|a Hypoxia (Auckl)
|2 dnlm
|
| 210 |
0 |
|
|a Hypoxia
|b (Auckl.)
|
| 222 |
|
0 |
|a Hypoxis
|b (Auckland)
|
| 245 |
1 |
0 |
|a Hypoxia
|h [electronic resource].
|
| 260 |
|
|
|a Auckland :
|b Dove Medical Press,
|c [2013]-
|
| 362 |
1 |
|
|a Began with Volume 1 (2013).
|
| 506 |
|
|
|a License restrictions may limit access.
|
| 515 |
|
|
|a Articles published contunuously and compiled into annual volumes.
|
| 588 |
|
|
|a Description based on: Volume 1 (2013); title from PDF caption (publisher website, viewed April 30, 2015).
|
| 588 |
|
|
|a Latest issue consulted: 2016:4 (viewed May 3, 2016).
|
| 650 |
|
0 |
|a Anoxemia
|v Periodicals.
|
| 650 |
1 |
2 |
|a Hypoxia.
|
| 650 |
|
7 |
|a Anoxemia.
|2 fast
|0 (OCoLC)fst00809983
|
| 655 |
|
0 |
|a Electronic journals.
|
| 856 |
4 |
0 |
|z Full text available from Research Library: 01/01/2013 to present
|u https://search.proquest.com/publication/3933159
|